Detalles MARC
| 000 -LIDER |
| fixed length control field |
01203nam a22003737a 4500 |
| 001 - NÚMERO DE CONTROL |
| Identificador de número de control |
000644 |
| 003 - IDENTIFICACDOR DE NÚMERO DE CONTROL |
| control field |
DO-SdBPM |
| 005 - DATE AND TIME OF LATEST TRANSACTION |
| control field |
20260317130058.0 |
| 007 - CAMPOS FIJOS DE DESCRIPCIÓN FÍSICA |
| fixed length control field |
ta |
| 008 - ELEMENTOS DE LONGITUD FIJA |
| fixed length control field |
161107b 2004 mx a ||||| |||| 00| 0 spa d |
| 020 ## - ISBN |
| International Standard Book Number |
9789681910211 |
| 040 ## - FUENTE DE CATALOGACIÓN |
| Agencia que crea de manera original el registro |
BPMSU |
| Idioma de catalogación |
spa |
| Agencia que realiza la transcripción |
BPMSU |
| Convenciones de la despripción |
|
| 082 04 - NÚMERO DE CLASIFICACIÓN DECIMAL DE DEWEY |
| Classification number |
813.5 |
| Item number |
D277a 2007 |
| Edition number |
22 |
| 100 1# - ASIENTO PRINCIPAL -- NOMBRE PERSONAL |
| Nombre personal |
Dazinger, Paula |
| Fechas asociadas con el nombre |
1944-2004. |
| Mención de responsabilidad |
autor |
| Término de relación |
aut. |
| 245 10 - MENCIÓN DE TITULO |
| Título |
Ámbar en cuarto y sin su amigo / |
| Mención de responsabilidad |
Paula Dazinger ; ilustraciones Tony Ross. |
| 250 ## - MENCIÓN DE EDICION |
| Mención de edición |
|
| 260 ## - PUBLICACIÓN, DISTRIBUCIÓN, ETC. (PIE DE IMPRENTA) |
| Fecha de publicación, distribución, etc |
|
| 264 ## - PRODUCTION, PUBLICATION, DISTRIBUTION, MANUFACTURE, AND COPYRIGHT NOTICE |
| Place of production, publication, distribution, manufacture |
México : |
| Name of producer, publisher, distributor, manufacturer |
Alfaguara, |
| Date of production, publication, distribution, manufacture, or copyright notice |
2007 |
| 300 ## - DESCRIPCIÓN FÍSICA |
| Extensión |
117 páginas : |
| Otros detalles físicos |
ilustraciones ; |
| Dimensiones |
20 cm. |
| 336 ## - CONTENT TYPE |
| Content type term |
texto |
| Content type code |
txt |
| Source |
rdacontent |
| 337 ## - MEDIA TYPE |
| Media type term |
sin mediación |
| Media type code |
n |
| Source |
rdamedia |
| 338 ## - CARRIER TYPE |
| Carrier type term |
volumen |
| Carrier type code |
nc |
| Source |
rdacarrier |
| 490 0# - MENCIÓN DE SERIES |
| Mención de serie |
Alfaguara Infantil |
| 500 ## - NOTA GENERAL |
| Nota general |
Incluye datos biográficos de la autora |
| 500 ## - NOTA GENERAL |
| Nota general |
Apartir desde niños de 8 años |
| 500 ## - NOTA GENERAL |
| Nota general |
|
| 534 ## - NOTA SOBRE LA VERSIÓN ORIGINAL |
| Frase introductoria |
Título original. |
| Mención del título original |
Amber brown goes fourth. |
| 590 ## - NOTA LOCAL |
| Texto de la nota local |
Inventariado, 2026/VM |
| 650 #7 - ENCABEZAMIENTO DE MATERIA--TEMÁTICO |
| Término temático o nombre geográfico como elemento de entrada |
Cuentos infantiles estadounidenses. |
| 650 #7 - ENCABEZAMIENTO DE MATERIA--TEMÁTICO |
| Término temático o nombre geográfico como elemento de entrada |
Amistead |
| Subdivisión de forma |
Cuentos infantiles |
| 700 1# - ASIENTO SECUNDARIO -- NOMBRE PERSONAL |
| Nombre personal |
Ross, Tony, |
| Mención de responsabilidad |
ilustrador |
| 910 ## - VALIDACIÓN |
| Validación |
VMateo v. Control de calidad. BPMSU |
| 942 ## - ADDED ENTRY ELEMENTS (KOHA) |
| Source of classification or shelving scheme |
Dewey Decimal Classification |
| Koha item type |
Libros |